000 00804nam a2200289Ia 4500
003 OSt
005 20221006160510.0
006 a|||||r|||| 00| 0
007 ta
008 221006b |||||||| |||| 00| 0 eng d
020 _a9788956055695
_c
_32.14
024 _a45,330
037 _bGift, KCC (Window on Korea)
_cTextual
040 _aEASL
_cEASL
_beng
041 _2eng
_aeng
082 _aM31.495, Q2
100 _aKim Key
_9673903
245 0 _aSimply delicious one course meals
260 _aSeoul
_bKong & Park Inc. Korea
_c2012
300 _a160p.
_ccm.
490 _v KEL
650 _a KEL
650 _a Korea - food
_9664655
650 _aKorea - Beef
_9673904
942 _hM31.495, Q2
_cTEXL
_2CC
999 _c1113422
_d1113422